Ultimo - Vieni nel mio cuore - Testo - Statistics

Statistiche generali
  • Questo quiz è stato fatto 225 volte
  • Il punteggio medio è 197 su 260
Statistiche sulle risposte
Risposta % Corretto
a
95%
A
95%
cuore
95%
un
95%
mio
94%
nel
94%
vieni
94%
Vieni
94%
che
93%
È
89%
E
89%
è
89%
e
89%
la
89%
c'è
88%
ti
88%
posto
87%
se
86%
di
84%
te
84%
migliore
82%
amore
80%
Amore
80%
penso
79%
vita
78%
sei
77%
una
76%
Voglio
76%
guardo
74%
non
74%
quando
74%
volta
73%
me
72%
so
72%
come
71%
Come
71%
dentro
70%
notte
70%
Ogni
70%
quanto
70%
felice
69%
oh-oh-oh
69%
con
68%
stai
68%
stare
67%
Tu
67%
più
66%
vivi
66%
dici
63%
Per
61%
per
61%
riesco
61%
in
60%
Ma
59%
ma
59%
andare
52%
aspetto
52%
cosa
52%
Le
52%
lasciarmi
47%
sento
44%
al
42%
dirti
41%
difficile
40%
insieme
38%
tutto
37%
cresco
36%
godere
36%
perché
35%
arrivi
34%
34%
poi
32%
pretesto
32%
Sarà
31%
cose
30%
lui
30%
Qui
30%
torna
30%
dimmi
27%
Dimmi
27%
meglio
27%
vedi
26%
l'ultima
25%
scrivere
25%
sogno
25%
parole
22%
piedi
22%
Rimani
22%
quelle
21%
trovi
21%
cerchi
20%
L'amore
19%
Nessun quiz corrispondente trovato
Distribuzione punteggi
Percentuale di utenti per punteggio
Percentile per numero di risposta
I tuoi punteggi nel tempo
Non hai fatto questo quiz